Представление документа в формате RUSMARC

ПолеНазваниеЗначение
  Тип записи a
  Библиографический уровень m
001 Контрольный номер RSL-KNO-004177827
005 Дата корректировки 20231215113008.1
010 Индекс ISBN __
a ISBN 978-5-7510-0404-0
d Цена 126-72; 108-00
9 Тираж 300 экз.
100 Данные общей обработки __
a Данные общей обработки 19080529d2008 ke y0rusy028902 ca
101 Язык документа 0_
a Язык текста rus
102 Страна публикации __
a Страна публикации RU
105 Кодированные данные (монография) __
a Кодированные данные (монография) y z 000yy
181 Поле кодированных данных: вид содержания _0
a Код вида содержания (ISBD) i
182 Поле кодированных данных: тип средства _0
a Код типа средства (ISBD) n
200 Заглавие и сведения об ответственности 1_
a Заглавие Библиотечные фонды: стратегия развития
e Сведения, относящиеся к заглавию монография
f Первые сведения об ответственности Ю. А. Гриханов, Н. З. Стародубова, Н. И. Хахалева
203 Вид содержания и тип средства __
a Вид содержания Текст
c Тип средства непосредственный
210 Выходные данные 1_
a Место издания Москва
c Издательство Пашков дом
d Дата издания 2008
215 Физическое описание __
a Объем 142, [1] с.
c Иллюстрации/тип воспроизводства рис., табл.
225 Серия 2_
a Серия Библиотека: новые возможности
320 Библиография __
a Библиография Библиография в конце книги (71 название)
330 Аннотация __
a Аннотация В монографии рассмотрены проблемы теории и практики инновационного менеджмента в области формирования библиотечно-информационных фондов, стратегические и оперативные направления их развития, использования в условиях информационно-коммуникативных технологий.
606 Тематические рубрики __
a Основная рубрика Библиотечное дело
2 Код системы nlr_sh
606 Тематические рубрики __
a Основная рубрика Библиотечные фонды
2 Код системы nlr_sh
610 Ключевые слова 0_
a Ключевые слова фонды библиотек
610 Ключевые слова 0_
a Ключевые слова библиотечные фонды
610 Ключевые слова 0_
a Ключевые слова формирование библиотечных фондов
610 Ключевые слова 0_
a Ключевые слова библиотечно-информационные ресурсы
610 Ключевые слова 0_
a Ключевые слова комплектование библиотечных фондов
610 Ключевые слова 0_
a Ключевые слова библиотечные инновации
610 Ключевые слова 0_
a Ключевые слова библиотечный менеджмент
610 Ключевые слова 0_
a Ключевые слова обязательный печатный экземпляр
610 Ключевые слова 0_
a Ключевые слова распределение библиотечных фондов
610 Ключевые слова 0_
a Ключевые слова малоиспользуемая литература
610 Ключевые слова 0_
a Ключевые слова управление библиотечными фондами
610 Ключевые слова 0_
a Ключевые слова репозитарии
610 Ключевые слова 0_
a Ключевые слова книжные памятники
610 Ключевые слова 0_
a Ключевые слова положения
610 Ключевые слова 0_
a Ключевые слова страховые фонды документов библиотек
610 Ключевые слова 0_
a Ключевые слова депозитарии
686 Индексы других классификаций __
a Классификационный индекс 78.35
2 Код системы rubbks
700 Автор _1
a Фамилия Гриханов
b Имя Ю. А.
g Полное личное имя Юрий Александрович
4 Код отношения 070
f Даты 1939-
701 Альтернативная интеллектуальная ответственность _1
a Фамилия Стародубова
b Имя Н. З.
g Полное личное имя Нина Захаровна
4 Код отношения 070
701 Альтернативная интеллектуальная ответственность _1
a Фамилия Хахалева
b Имя Н. И.
g Полное личное имя Нина Ивановна
4 Код отношения 070
712 Наименование организации (Вторичная ответственность) 02
a Организация/ юрисдикция Российская государственная библиотека
c Место постоянной организации Москва
801 Источник записи _0
a Страна RU
b Организация Муниципальное бюджетное учреждение культуры "Централизованная библиотечная система" г. Сургут (Центральная городская библиотека им. А. С. Пушкина)
c Дата составления 20080529
g Правила каталогизации PSBO
801 Источник записи _1
a Страна RU
b Организация Муниципальное бюджетное учреждение культуры "Централизованная библиотечная система" г. Сургут (Центральная городская библиотека им. А. С. Пушкина)
c Дата составления 20080529
g Правила каталогизации PSBO
852 Данные о местонахождении __
j Шифр хранения 78.35
i Авторский знак Г 85
900 Макрообъекты __
a Макрообъекты Библиотечные фонды. Стратегия развития. Ю. А. Гриханов и др. 2008
901 Тип документа __
t Тип документа m
a Ответственный КиК/Котельникова; КиК/Елгина
903 Характеристики (МАРС) __
a Дата передачи 20230131; 20100525
c Наименование библиотеки (МАРС) Муниципальное бюджетное учреждение культуры "Централизованная библиотечная система" г. Сургут (Центральная городская библиотека им. А. С. Пушкина)
969 Тип издания __
a Тип издания научное издание
990 Данные о заказе (DOS) __
j Количество экземпляров (DOS) 1; 1
h N записи в КСУ для Б/У (DOS) 201006
t N записи в КСУ для И/У (DOS) 202303